El staff (Registro nro. 2345)

Detalles MARC
000 -LEADER
fixed length control field 00912 a2200193 4500
001 - CONTROL NUMBER
control field 33385
005 - DATE AND TIME OF LATEST TRANSACTION
control field 20260407155626.0
008 - FIXED-LENGTH DATA ELEMENTS--GENERAL INFORMATION
fixed length control field 260407a1971 arg spa d
003 - CONTROL NUMBER IDENTIFIER
control field AR-UNSa-BCEJYS
040 ## - CATALOGING SOURCE
Original cataloging agency AR-UNSa-BCEJYS
Language of cataloging spa
Transcribing agency AR-UNSa-BCEJYS
080 ## - UNIVERSAL DECIMAL CLASSIFICATION NUMBER
Universal Decimal Classification number 658.01
Common auxiliary subdivision Metodología. Teoría y práctica de la organización( teoria de la organización, análisis organizacional...)
100 1# - MAIN ENTRY--PERSONAL NAME
Personal name Richaman, C.
245 10 - TITLE STATEMENT
Title El staff
Name of part/section of a work como progresar y reorganizar
264 #1 - PRODUCTION, PUBLICATION, DISTRIBUTION, MANUFACTURE, AND COPYRIGHT NOTICE
Place of production, publication, distribution, manufacture México :
Name of producer, publisher, distributor, manufacturer Limusa
Date of production, publication, distribution, manufacture, or copyright notice 1971
300 ## - PHYSICAL DESCRIPTION
Extent 181 p.
Dimensions 18 cm.
505 ## - FORMATTED CONTENTS NOTE
Formatted contents note 1. Tendencias modernas - 2. En qué consiste el trabajo del staff - 3. Desarrollo de la dirección - 4. Planificación e implementación de la organización - 5. Planificación directiva - 6. El experto en organización del conjunto de la empresa - 7. Asesoramiento del ejecutivo - 8. El futuro del staff.
590 ## - LOCAL NOTE (RLIN)
Local note niveau_biblio:m niveau_hierar:0
942 ## - ADDED ENTRY ELEMENTS (KOHA)
Koha item type
Existencias
Withdrawn status Lost status Damaged status Not for loan Home library Current library Shelving location Date acquired Total checkouts Full call number Barcode Date last seen Price effective from Koha item type
        Biblioteca Prof. Eusebio Cleto del Rey Biblioteca Prof. Eusebio Cleto del Rey   07/04/2026   658.01 R498 L23167 07/04/2026 07/04/2026 Libro